La investigación en educación ambiental para la sustentabilidad en México : 2002-2011 /
Gespeichert in:
| 1. Verfasser: | |
|---|---|
| Weitere Verfasser: | , , , , |
| Format: | Buch |
| Sprache: | Spanisch |
| Veröffentlicht: |
México :
ANUIES : Consejo Mexicano de Investigación Educativa,
2015, c2015
|
| Schriftenreihe: | (Estados del Conocimiento)
|
| Schlagworte: | |
| Tags: |
Keine Tags, Fügen Sie das erste Tag hinzu!
|
MARC
| LEADER | 00000nam^a2200000^a^4500 | ||
|---|---|---|---|
| 001 | 000358021 | ||
| 005 | 20250521000000.0 | ||
| 009 | 20260310115315.616 | ||
| 020 | |a 978-607-451-108-6 | ||
| 020 | |a 978-607-7923-21-3 | ||
| 037 | |a Acervo ITESO - Biblioteca | ||
| 041 | |a ESP | ||
| 082 | |a 370. 97207 |b GON | ||
| 100 | |a González Gaudiano, Edgar |e (coord. general) | ||
| 245 | 1 | 3 | |a La investigación en educación ambiental para la sustentabilidad en México : |b 2002-2011 / |c Coord. general de E. González Gaudiano, y M.A. Arias Ortega ; presen. de Jaime Valls Esponda ; pról. de M.C. Barrón Tirado, T. Bracho González, C. Muñoz Izquierdo ; pref. de J. Reyes Ruiz. |
| 264 | 4 | |a México : |b ANUIES : |b Consejo Mexicano de Investigación Educativa, |c 2015, c2015 | |
| 300 | |a 152 p. | ||
| 336 | |a texto |b txt |2 rdacontenido | ||
| 337 | |a sin mediación |b n |2 rdamedio | ||
| 338 | |a volumen |b nc |2 rdasoporte | ||
| 440 | 1 | |a (Estados del Conocimiento) | |
| 649 | |a XX | ||
| 650 | |a Desarrollo Sustentable - |z México | ||
| 650 | |a Educación Ambiental - |z México - |x Investigación - |x Tema Principal | ||
| 650 | |a Educación Ambiental - |z México - |x Historia - |y 2000-2009 | ||
| 650 | |a Educación Ambiental - |z México - |x Historia - |y 2010-2019 | ||
| 650 | |a Educación Ambiental - |z México | ||
| 650 | |a Educación - |z México | ||
| 700 | |a Arias Ortega, Miguel Angel |e (coordinación general) | ||
| 700 | |a Barrón Tirado, María Concepción |e (prólogo) | ||
| 700 | |a Bracho González, Teresa |e (prólogo) | ||
| 700 | |a Muñoz Izquierdo, Carlos |e (prólogo) | ||
| 700 | |a Reyes Ruiz, Javier |e (prefacio) | ||
| 910 | |a Fondo General | ||
| 920 | |a Impresos - Libros | ||
| 930 | |a Colección General | ||
| 905 | |a 101 | ||
| 901 | |a 0500250523 |b IT1 |c ACC |i D71562 |u 20250521 | ||
| 902 | |a https://opac.biblio.iteso.mx/vufind/Record/000358021 | ||